000
00229 a2200097 4500
001
51114
100
_a
Cook R D
245
_a
Concept & Application of Finite Element
260
_a
New York
_b
John Wiley
_c
090
_c
32374
_d
32374
942
_a
NUST-CAE
_c
M
_c
24863
999
_c
286187
_d
286187